[Event "Cannes op2"]
[Site "Cannes"]
[Date "1990.??.??"]
[Round "?"]
[White "Georgiev, Krum"]
[Black "Rausis, Igors"]
[Result "1-0"]
[WhiteElo "2455"]
[BlackElo "2470"]

1.e4 d6 2.d4 Nf6 3.Nc3 c6 4.f3 e5 5.Be3 Be7 6.Qd2 O-O 7.Nge2 b5 8.dxe5 dxe5
9.Qxd8 Rxd8 10.Nc1 Na6 11.a4 Nb4 12.Bd3 a6 13.axb5 cxb5 14.Nxb5 Rxd3 15.Nxd3 Nxc2+
16.Kf2 Nxa1 17.Rxa1 Rb8 18.Na7 Be6 19.Nc6 Rb3 20.Nxe7+ Kf8 21.Nc6 Rxd3 22.Rxa6 Ne8
23.Bc5+  1-0

[Event "Cannes op"]
[Site "Cannes"]
[Date "1990.??.??"]
[Round "1"]
[White "Milesi, Laurent"]
[Black "Ruf, Matthias"]
[Result "0-1"]
[WhiteElo "2030"]
[BlackElo "2295"]

1.e4 d6 2.d4 Nf6 3.Nc3 c6 4.f4 Qa5 5.Bd3 e5 6.dxe5 dxe5 7.f5 Bc5 8.Nf3 Ng4
9.Rf1 Ne3 10.Bxe3 Bxe3 11.Qe2 Bh6 12.Nd2 b5 13.Qh5 Nd7 14.g4 Bf4 15.g5 Bb7
16.a3 Qd8 17.h4 Bg3+ 18.Ke2 Qe7 19.Qg4 Bf4 20.Nb3 a5 21.Rxf4 exf4 22.Qxf4 Ne5
23.f6 Ng6 24.Qf2 gxf6 25.h5 Ne5 26.gxf6 Qe6 27.Rg1 Nxd3 28.Kxd3 b4 29.Nc5 O-O-O+
30.Ke3 Qe5 31.N3a4 Qd4+ 32.Ke2 Ba6+ 33.Nxa6 Qc4+ 34.Ke1 Qxa6 35.Rg7  0-1

[Event "Cannes op"]
[Site "Cannes"]
[Date "1990.??.??"]
[Round "2"]
[White "Nicholson, J."]
[Black "Dorfman, Josif D"]
[Result "0-1"]
[WhiteElo "2325"]
[BlackElo "2595"]

1.e4 d6 2.d4 Nf6 3.Nc3 c6 4.g3 Nbd7 5.Bg2 e5 6.Nge2 Be7 7.a4 a5 8.O-O O-O
9.h3 Re8 10.f4 Bf8 11.Kh2 exd4 12.Nxd4 Nc5 13.Re1 Qb6 14.b3 g6 15.Bb2 Bg7
16.Qd2 Be6 17.g4 Rad8 18.Rad1 Bc8 19.Bf3 Ne6 20.Nxe6 Bxe6 21.Kg2 Bc8 22.g5 Nd7
23.h4 Nc5 24.Ba1 Qb4 25.h5 gxh5 26.f5 d5 27.f6 dxe4 28.Qxd8 exf3+ 29.Kxf3 Rxd8
30.Rxd8+ Bf8 31.Ree8 Bg4+  0-1

[Event "Cannes op"]
[Site "Cannes"]
[Date "1990.??.??"]
[Round "2"]
[White "Ribeiro, Fernando"]
[Black "Bonnafous, Michel"]
[Result "1-0"]
[WhiteElo "2210"]
[BlackElo "2000"]

1.e4 d6 2.d4 Nf6 3.Nc3 c6 4.Be2 Qa5 5.f3 e5 6.Be3 Be7 7.Qd2 O-O 8.g4 Nbd7
9.h4 b5 10.h5 b4 11.Nd1 d5 12.g5 Ne8 13.exd5 cxd5 14.g6 Nef6 15.gxh7+ Kh8
16.Nf2 exd4 17.Bxd4 Nc5 18.b3 Bf5 19.h6 g6 20.Bd3 Nxd3+ 21.cxd3 Kxh7 22.Ngh3 Nd7
23.Ng5+ Bxg5 24.Qxg5 f6 25.Qf4 Rae8+ 26.Kf1 Ne5 27.Kg2 Bxd3 28.a3 Be2 29.axb4 Bxf3+
30.Kg3 Qxb4 31.Rxa7+ Re7 32.Rha1 Rff7 33.Rxe7 Qxe7 34.Ra7  1-0

[Event "Cheliabinsk-A"]
[Site "Cheliabinsk"]
[Date "1990.??.??"]
[Round "?"]
[White "Enhbat, P."]
[Black "Meister, Yakov"]
[Result "0-1"]
[WhiteElo "2200"]
[BlackElo "2415"]

1.e4 d6 2.d4 Nf6 3.Nc3 c6 4.Nf3 Nbd7 5.e5 Nd5 6.Nxd5 cxd5 7.e6 fxe6 8.Ng5 Qa5+
9.Bd2 Qb6 10.Nxe6 Nf6 11.Bb5+ Kf7 12.Ng5+ Kg8 13.Qe2 Qxd4 14.O-O-O Qe5 15.Be3 h6
16.f4 Qf5 17.Rhf1 hxg5 18.fxg5 Qg4 19.gxf6 gxf6 20.Qf2 Rxh2 21.Be2 Qh4 22.Qf3 Be6
23.Bg1 Rh1 24.g3 Qh8 25.Rxd5 Rc8 26.Rd4 Kf7 27.Bd3 Rc5 28.Be4 Rhh5 29.Rb4 Ra5
30.a3 b6 31.Qd3 Bh6+ 32.Kb1 Qg7 33.Bf2 Rh2 34.Be1 Rc5 35.Bc3 Qg5 36.Rd4 Qe3
37.Rxd6 exd6 38.Qxd6 Rxc3 39.bxc3 Qxe4 40.Qc7+ Kg6  0-1

[Event "Cheliabinsk-A"]
[Site "Cheliabinsk"]
[Date "1990.??.??"]
[Round "?"]
[White "Timoshenko, Georgy"]
[Black "Meister, Yakov"]
[Result "1-0"]
[WhiteElo "2515"]
[BlackElo "2415"]

1.e4 d6 2.d4 Nf6 3.Nc3 c6 4.f4 Qa5 5.Bd3 e5 6.Nf3 Bg4 7.Be3 Nbd7 8.Qd2 Be7
9.O-O-O exd4 10.Bxd4 Nc5 11.Kb1 Be6 12.f5 Nfxe4 13.Qe3 Nxc3+ 14.Bxc3 Qxa2+
15.Kc1 Nxd3+ 16.Qxd3 Bc4 17.Qe3 O-O-O 18.Kd2 Rhe8 19.Ra1 Bf6 20.Qf2 Re2+
21.Qxe2 Qxa1 22.Rxa1 Bxc3+ 23.bxc3 Bxe2 24.Kxe2 a6 25.Kd3 Re8 26.g4 Kd7 27.g5 Rh8
28.h4 h6 29.c4 hxg5 30.hxg5 Rh3 31.Ke3 Rh8 32.Kf4 g6 33.f6 Re8 34.Rh1 c5
35.Nd2 Re2 36.Ne4 Rxc2 37.Rd1 Rxc4 38.Rxd6+ Kc7 39.Rd5 a5 40.Re5 a4 41.Re7+ Kc6
42.Rxf7 a3 43.Rf8 Rc1 44.Ra8 Rf1+ 45.Ke5 Rf3 46.Ke6 Re3 47.f7 Rxe4+ 48.Kf6 Rf4+
49.Kxg6 b5 50.Rxa3  1-0

[Event "Cheliabinsk-B"]
[Site "Cheliabinsk"]
[Date "1990.??.??"]
[Round "?"]
[White "Radoja, Djordje"]
[Black "Magomedov, Magaram"]
[Result "0-1"]
[WhiteElo "2300"]
[BlackElo "2395"]

1.e4 d6 2.d4 Nf6 3.Nc3 c6 4.h3 Qa5 5.Bd3 e5 6.Nf3 Be7 7.O-O O-O 8.Bc4 b5
9.dxe5 dxe5 10.Bd3 Nbd7 11.a4 b4 12.Nb1 Qc7 13.Nbd2 Nc5 14.Nc4 Nfxe4 15.Ncxe5 Nxd3
16.cxd3 Nf6 17.Qc2 c5 18.Bg5 Bf5 19.Rac1 Rac8 20.b3 h6 21.Bf4 Nd5 22.Bh2 Qb7
23.Qc4 Nc3 24.Nxf7 Rxf7 25.Ne5 Bf6 26.Nxf7 Qxf7 27.Rfe1 Qxc4 28.dxc4 Bg5
29.f4 Bf6 30.g4 Bd4+ 31.Kg2 Be4+ 32.Kg3 Bc6 33.h4 Ne4+ 34.Kh3 Nf2+  0-1

[Event "Copenhagen Johansen"]
[Site "Copenhagen"]
[Date "1990.??.??"]
[Round "4"]
[White "Thuesen, Mogens"]
[Black "Vorotnikov, Vladislav V"]
[Result "0-1"]
[WhiteElo "2250"]
[BlackElo "2405"]

1.e4 d6 2.d4 Nf6 3.Nc3 c6 4.Nf3 Bg4 5.Be2 e6 6.d5 e5 7.O-O Be7 8.dxc6 bxc6
9.Qd3 O-O 10.b3 Nbd7 11.Ba3 d5 12.Bxe7 Qxe7 13.exd5 e4 14.Qe3 Bxf3 15.d6 Qxd6
16.gxf3 exf3 17.Qxf3 Rae8 18.Qg3 Qc5 19.Bd3 g6 20.Na4 Qa5 21.Nb2 Nh5 22.Qg4 Ne5
23.Nc4 Qc5 24.Nxe5 Rxe5 25.Qc4 Qd6 26.f4 Rd5 27.Be2 Rd4 28.Rad1 Nxf4 29.Rxf4 Rxc4
30.Rxd6 Rxf4 31.Rxc6 Re8 32.Bc4 Re5 33.Rc8+ Kg7 34.Rc7 Rg5+ 35.Kh1 a5 36.Rd7 Rf2
37.Bd5 Rf1+  0-1

[Event "Copenhagen op"]
[Site "Copenhagen"]
[Date "1990.??.??"]
[Round "4"]
[White "Thorhallsson, Throstur"]
[Black "Nilsson, Nils Specht"]
[Result "1-0"]
[WhiteElo "2405"]
[BlackElo "2235"]

1.e4 d6 2.d4 Nf6 3.Nc3 c6 4.Bg5 Qb6 5.Rb1 e5 6.Nf3 Bg4 7.dxe5 dxe5 8.Bc4 Nbd7
9.h3 Be6 10.Bxe6 fxe6 11.O-O Bb4 12.Qe2 Bxc3 13.bxc3 Qa6 14.Qxa6 bxa6 15.Rfd1 h6
16.Bxf6 gxf6 17.Rb7 Nc5 18.Rg7 Rd8 19.Rxd8+ Kxd8 20.Rxa7 Re8 21.Nd2 Re7 22.Ra8+ Kc7
23.f3 Rd7 24.Nb3 Rd1+ 25.Kh2 Nd7 26.Rxa6 Kb7 27.Ra4 Rb1 28.Rb4+ Kc7 29.Nc5 Rxb4
30.cxb4 Nxc5 31.bxc5 Kb7  1-0

[Event "Daugavpils"]
[Site "Daugavpils"]
[Date "1990.??.??"]
[Round "?"]
[White "Zhuravliov, Valerij"]
[Black "Shirov, Alexei"]
[Result "1/2-1/2"]
[WhiteElo "2460"]
[BlackElo "2500"]

1.e4 d6 2.d4 Nf6 3.Nc3 c6 4.Nf3 Bg4 5.Be3 Nbd7 6.Be2 e5 7.O-O g6 8.h3 Bxf3
9.Bxf3 Bg7 10.a4 O-O 11.dxe5 dxe5 12.Be2 Qe7 13.Bc4 Qb4 14.Bb3 Rfd8 15.Qf3 Nc5
16.Bxc5 Qxc5 17.Rfd1 Rd4 18.Rd3 Rad8 19.Rad1 Qe7 20.Ne2 Rxd3 21.Rxd3 Rxd3
22.Qxd3 Nd7 23.Qc4 Nb6 24.Qc3 Nd7 25.Ba2 Bf8 26.Qc4 Nc5 27.Nc1 Kg7 28.g3 Qd7
29.Kg2 b5 30.axb5 cxb5 31.Qd5 Qxd5 32.Bxd5 f5 33.exf5 gxf5 34.Bc6 b4  1/2-1/2

[Event "Debrecen"]
[Site "Debrecen"]
[Date "1990.??.??"]
[Round "3"]
[White "Kindermann, Stefan"]
[Black "Dorfman, Josif D"]
[Result "1/2-1/2"]
[WhiteElo "2560"]
[BlackElo "2595"]

1.e4 d6 2.d4 Nf6 3.Nc3 c6 4.f4 Qa5 5.Bd3 e5 6.Nf3 Bg4 7.Be3 exd4 8.Bxd4 Qb4
9.Be2 Nxe4 10.O-O d5 11.Nxe4 dxe4 12.c3 Qe7 13.Ne5 Bxe2 14.Qxe2 f5 15.Qh5+ g6
16.Nxg6 Qf7 17.Bxh8 hxg6 18.Qe2 Bc5+ 19.Kh1 Nd7 20.Rfd1 O-O-O 21.Bd4 Bxd4
22.Rxd4 Nc5 23.Rxd8+ Kxd8 24.Rd1+ Kc7 25.b3 a5 26.h3 a4 27.bxa4 Nxa4 28.Qd2 Qe7
29.Qd4 Nc5 30.Kg1 Nd3 31.Rxd3 exd3 32.Qxd3 Qc5+ 33.Kh2 Qf2 34.Qd4 Qf1 35.a4 b6
36.Qg7+ Kc8 37.Qh8+ Kb7 38.Qd4 c5 39.Qd5+ Ka7 40.Qd7+ Kb8 41.Qd6+ Kb7 42.Qd5+ Ka7
43.Qf7+ Ka6 44.Qxg6 Qxf4+ 45.Qg3 Qxa4 46.h4 Qe4 47.h5 f4 48.Qf3 Qh7 49.c4 Ka7
50.Qg4 Ka6 51.Qg5 Qf7 52.Qd5 Qxd5 53.cxd5 c4 54.d6 c3 55.d7 c2 56.d8=Q c1=Q
57.Qa8+ Kb5 58.Qd5+ Ka6 59.Qa8+ Kb5 60.Qd5+ Ka6 61.Qf3 Qc5 62.h6 Qf5 63.Kg1 b5
64.Qa3+ Kb6 65.Qe7 f3 66.Qe3+ Ka6 67.Qa3+ Kb6 68.Qe3+ Ka6 69.Qa3+ Kb6 70.Qxf3 Qb1+
71.Kh2 Qg6 72.Qf4 Ka6 73.g4 b4 74.Kg3 Qd3+ 75.Qf3 Qd6+ 76.Qf4 Qd3+ 77.Qf3 Qd6+
78.Qf4 Qd3+  1/2-1/2

[Event "Dieren op"]
[Site "Dieren"]
[Date "1990.??.??"]
[Round "2"]
[White "Johansson, Jan"]
[Black "Jonker, Marc"]
[Result "1-0"]
[WhiteElo "2460"]
[BlackElo "2215"]

1.d4 d6 2.e4 Nf6 3.Nc3 c6 4.f4 Qa5 5.Bd3 e5 6.Nf3 Bg4 7.dxe5 dxe5 8.f5 Bc5
9.Bd2 Qc7 10.Qe2 Nbd7 11.O-O-O Bd4 12.h3 Bxf3 13.Qxf3 Nc5 14.Ne2 Nxd3+ 15.cxd3 Bb6
16.Bc3 Nd7 17.Qg3 Rg8 18.Qh4 h6 19.Kb1 Ba5 20.d4 Bxc3 21.Nxc3 exd4 22.Rxd4 Qd8
23.Qg3 Qe7 24.Qc7 Nb6 25.Qf4 Nd7 26.Qe3 O-O-O 27.Rhd1 b6 28.b4 Ne5 29.b5 Rxd4
30.Rxd4 Rd8 31.bxc6 Rxd4 32.Qxd4 Nxc6 33.Qxg7 Qb4+ 34.Kc2 Qc4 35.Kd2 b5 36.Nd5 Qxa2+
37.Ke3 Qa3+ 38.Kf2 Qc5+ 39.Kg3 Qd6+ 40.Kh4 Ne5 41.Kh5 a5 42.Qh8+ Kb7 43.Qe8 Nd7
44.Qxf7 Kc6 45.f6 b4 46.Qe8 Qe5+ 47.Qxe5 Nxe5 48.Kxh6 Kc5 49.g4 a4 50.g5 a3
51.g6 a2 52.f7 Nd7 53.g7 a1=Q 54.f8=Q+  1-0

[Event "Dieren op"]
[Site "Dieren"]
[Date "1990.??.??"]
[Round "2"]
[White "Glimbrant, Torbjorn"]
[Black "Mokry, Karel"]
[Result "1/2-1/2"]
[WhiteElo "2280"]
[BlackElo "2490"]

1.d4 d6 2.e4 Nf6 3.Nc3 c6 4.a4 Nbd7 5.Nf3 e5 6.h3 Be7 7.Be3 O-O 8.a5 exd4
9.Nxd4 d5 10.exd5 cxd5 11.a6 Bb4 12.axb7 Bxb7 13.Bd3 Ne4 14.O-O Ne5 15.Nce2 a5
16.Bb5 Nc4 17.Bxc4 dxc4 18.c3 Bc5 19.Qa4 Re8 20.Rad1 Qb6 21.Qc2 Rab8 22.Ra1 Ba8
23.Ra2 Nd6 24.Nf4 Re4 25.Qd2 Rbe8 26.Re1 Bxd4 27.cxd4 Nf5 28.Raa1 Qb7  1/2-1/2

[Event "Dieren op"]
[Site "Dieren"]
[Date "1990.??.??"]
[Round "6"]
[White "Bagirov, Vladimir"]
[Black "Mokry, Karel"]
[Result "1/2-1/2"]
[WhiteElo "2475"]
[BlackElo "2490"]

1.d4 d6 2.e4 Nf6 3.Nc3 c6 4.f4 Qa5 5.Bd3 e5 6.dxe5 dxe5 7.f5 b5 8.Nf3 Nbd7
9.Qe2 b4 10.Nd1 b3+ 11.Nc3 Bb4 12.Bd2 bxc2 13.O-O O-O 14.Rac1 Nc5 15.Bc4 Qb6
16.Kh1 Bxc3 17.Bxc3 Ncxe4 18.Nxe5  1/2-1/2

[Event "Dieren op"]
[Site "Dieren"]
[Date "1990.??.??"]
[Round "6"]
[White "Beulen, Marcel"]
[Black "Hartoch, Robert G"]
[Result "0-1"]
[WhiteElo "2225"]
[BlackElo "2375"]

1.e4 d6 2.d4 Nf6 3.Nc3 c6 4.f4 Qa5 5.e5 Ne4 6.Qf3 Nxc3 7.Bd2 Bf5 8.Bc4 Qb4
9.b3 d5 10.Bxc3 Qa3 11.Bd3 e6 12.Ne2 Nd7 13.O-O g6 14.Bd2 Be7 15.Bc1 Qa5
16.c4 O-O-O 17.Rd1 Bxd3 18.Qxd3 dxc4 19.Qxc4 Nb6 20.Qc2 Rd7 21.Be3 Rhd8 22.Bf2 Kb8
23.Nc3 Nd5 24.Nxd5 Rxd5 25.Rd3 Bc5 26.Qb2 Ba3 27.Qc2 c5 28.Rad1 cxd4 29.Qc4 Rc8
30.Qa4 Qxa4 31.bxa4 Bb2 32.Kf1 Rc4 33.Rb3 Bc3 34.Rb5 Rxa4 35.Rxd5 exd5 36.g4 Rxa2
37.f5 Kc7 38.Bxd4 Bxd4 39.Rxd4 Rxh2 40.Rxd5 gxf5 41.gxf5 Rh5 42.f6 b6 43.Kg2 Kc6
44.Rd6+ Kc5 45.Rd7 a5 46.Rc7+ Kd5 47.Rb7 Kxe5 48.Rxb6 Rf5 49.Ra6 Kf4 50.Ra7 Kg5
51.Ra6 h5 52.Kg3 Rb5 53.Kg2 Rb2+ 54.Kg3 Ra2 55.Kh3 Ra1 56.Kg2 a4 57.Kf2 a3
58.Kg2 h4 59.Kh2 a2 60.Kg2 h3+ 61.Kh2 Kg6  0-1

[Event "Dieren op"]
[Site "Dieren"]
[Date "1990.??.??"]
[Round "8"]
[White "Van Mil, Johannes A J"]
[Black "Hartoch, Robert G"]
[Result "1/2-1/2"]
[WhiteElo "2445"]
[BlackElo "2375"]

1.e4 d6 2.d4 Nf6 3.Nc3 e5 4.Nf3 Nbd7 5.Bc4 Be7 6.O-O O-O 7.Qe2 exd4 8.Nxd4 Ne5
9.a4 c5 10.Ndb5 Nxc4 11.Qxc4 Be6 12.Nd5 Nxd5 13.exd5 Bf5 14.Bf4 Re8 15.Rfe1 Qd7
16.Qb3 Bf8 17.h3 b6 18.Na3 Rxe1+ 19.Rxe1 Re8 20.Re3 Rxe3 21.Bxe3 Be4 22.f3 Bg6
23.Nb5 f6 24.c4 Bf7  1/2-1/2

[Event "Dieren op"]
[Site "Dieren"]
[Date "1990.??.??"]
[Round "9"]
[White "Markus, John Raymond"]
[Black "Jonker, Marc"]
[Result "0-1"]
[WhiteElo "2265"]
[BlackElo "2215"]

1.e4 d6 2.d4 Nf6 3.Nc3 c6 4.Be2 Qa5 5.Bd2 Qb6 6.Nf3 Bg4 7.e5 dxe5 8.dxe5 Nfd7
9.Ng5 Bxe2 10.Qxe2 e6 11.O-O Be7 12.Nf3 Qc7 13.Bf4 Nb6 14.Bg3 N8d7 15.Ne4 O-O
16.c4 a5 17.Rad1 Rfd8 18.h4 Nc5 19.Nd6 Nc8 20.Qe3 b6 21.Ng5 Bxg5 22.Qxg5 Nxd6
23.exd6 Qd7 24.Rfe1 f6 25.Qe3 e5 26.Qc3 Qe6 27.f4 e4 28.a3 a4 29.Qb4 Qg4
30.Qxb6 Nd3 31.Qxc6 Qxg3 32.Rxe4 Qf2+ 33.Kh1 Qxh4+ 34.Kg1 Qf2+ 35.Kh1 Nxf4
36.Re7 Ra5 37.Re8+ Kf7 38.Re7+ Kf8 39.g4 Qh4+ 40.Kg1 Qxg4+ 41.Kf2 Qxd1 42.Qc7 Qxd6  0-1

[Event "Dortmund-B"]
[Site "Dortmund"]
[Date "1990.??.??"]
[Round "?"]
[White "Vogt, Lothar"]
[Black "Lazic, Miroljub"]
[Result "1/2-1/2"]
[WhiteElo "2500"]
[BlackElo "2495"]

1.e4 d6 2.d4 Nf6 3.Nc3 c6 4.Nf3 Bg4 5.h3 Bh5 6.Be2 e6 7.Be3 d5 8.e5 Nfd7
9.O-O c5 10.dxc5 Bxf3 11.Bxf3 Nc6 12.b4 Ndxe5 13.b5 Nxf3+ 14.Qxf3 Ne5 15.Qh5 Qf6
16.Kh1 Ng6 17.Ne2 Qh4 18.Qxh4 Nxh4 19.c4  1/2-1/2

[Event "Dortmund op"]
[Site "Dortmund"]
[Date "1990.??.??"]
[Round "6"]
[White "Borsos, Bogdan"]
[Black "Dimitrova, Leila"]
[Result "1/2-1/2"]
[WhiteElo "2350"]
[BlackElo "2085"]

1.e4 d6 2.d4 Nf6 3.Nc3 c6 4.Bg5 Nbd7 5.Nf3 h6 6.Bxf6 Nxf6 7.e5 dxe5 8.Nxe5 Bf5
9.Bc4 e6 10.O-O Be7 11.Bb3 O-O 12.Re1 a5 13.a4 Qb6 14.Nc4 Qa7 15.Re5 Nd5
16.Nxd5 cxd5 17.Na3 Bf6 18.Nb5  1/2-1/2

[Event "Dortmund op"]
[Site "Dortmund"]
[Date "1990.??.??"]
[Round "6"]
[White "Prodanov, Dimitar"]
[Black "Vokac, Marek"]
[Result "0-1"]
[WhiteElo "2330"]
[BlackElo "2465"]

1.e4 d6 2.d4 Nf6 3.Nc3 c6 4.a4 a5 5.f4 Qb6 6.Be2 g6 7.g4 e5 8.dxe5 dxe5 9.fxe5 Bc5
10.Nh3 Nfd7 11.e6 fxe6 12.Rf1 Ne5 13.Bg5 Nbd7 14.Qd2 h6 15.Bxh6 g5 16.Qxg5 Qxb2
17.Qh5+ Kd8 18.Rd1 Qxc3+ 19.Bd2 Qxh3 20.Qg5+ Kc7 21.Bf4 Qc3+ 22.Rd2 Kb6 23.h4 Ka7
24.h5 Rf8 25.h6 Rxf4 26.Qxf4 Be3  0-1

[Event "ESP-chT"]
[Site "?"]
[Date "1990.??.??"]
[Round "?"]
[White "De la Villa Garcia, Jesus Maria"]
[Black "Rivas Pastor, Manuel"]
[Result "1/2-1/2"]
[WhiteElo "2450"]
[BlackElo "2505"]

1.e4 d6 2.d4 Nf6 3.Nc3 c6 4.f4 Qa5 5.Bd3 e5 6.Nf3 Bg4 7.Be3 exd4 8.Bxd4 Qb4
9.a3 Qxd4 10.Nxd4 Bxd1 11.Rxd1 Nbd7 12.O-O g6 13.Bc4 Be7 14.Nf3 O-O 15.Ba2 Nb6
16.h3 Rad8 17.g4 d5 18.exd5 Nfxd5 19.Nxd5 cxd5 20.Kg2 Bf6 21.c3 Nc4 22.Bxc4 dxc4
23.Rd2 Rxd2+ 24.Nxd2 Rc8 25.Ne4 Be7 26.Rd1 Rc7 27.f5 gxf5 28.gxf5 f6 29.a4 Kf8
30.Rd4 a6 31.a5 Rc6 32.Nd2 Rc5 33.Nxc4 Rxf5 34.Rd7 Rc5 35.Ne3 Ke8 36.Rxb7 Rxa5
37.b4 Rg5+ 38.Kf3 Rh5 39.Kg4 Rg5+ 40.Kf3 Rh5 41.Kg4 Rg5+ 42.Kf4 Bd6+ 43.Ke4 Re5+
44.Kd4 Rh5 45.Ng4 Be5+ 46.Nxe5 fxe5+ 47.Kd5 Rxh3 48.c4 Rh6 49.c5 Kd8 50.c6 e4
51.Rd7+ Kc8 52.Re7 Rh5+ 53.Kd6 Rh6+ 54.Kc5 Rh5+ 55.Kd6  1/2-1/2

[Event "ESP-chT"]
[Site "?"]
[Date "1990.??.??"]
[Round "?"]
[White "Colas, Rafael P"]
[Black "Rivas Pastor, Manuel"]
[Result "0-1"]
[WhiteElo "2240"]
[BlackElo "2505"]

1.e4 d6 2.d4 Nf6 3.Nc3 c6 4.f4 Qa5 5.Bd2 e5 6.Nf3 exd4 7.Nxd4 Qb6 8.Nb3 a5
9.Qf3 a4 10.Nc1 Be7 11.Nd3 O-O 12.f5 Nfd7 13.O-O-O Bf6 14.g4 Ne5 15.Nxe5 Bxe5
16.Bf4 Nd7 17.Bxe5 Nxe5 18.Qg3 Qc5 19.Kb1 b5 20.Ne2 b4 21.Nf4 b3 22.cxb3 axb3
23.Qxb3 Nxg4 24.Qg3 Ne3 25.Rd2 Rxa2 26.Nh5 g6 27.Nf6+ Kg7 28.Qxd6 Qa7 29.Nh5+ gxh5
30.Rg1+ Ng4 31.f6+ Kg6 32.Qxf8 Ra1+ 33.Kc2 Qa4+ 34.b3 Qa2+  0-1

[Event "ESP-ch"]
[Site "ESP"]
[Date "1990.??.??"]
[Round "3"]
[White "Roa Alonso, Santiago"]
[Black "Romero Holmes, Alfonso"]
[Result "0-1"]
[WhiteElo "2225"]
[BlackElo "2475"]

1.d4 d6 2.e4 Nf6 3.Nc3 c6 4.Be3 e5 5.f3 Be7 6.Nge2 b5 7.Qd2 O-O 8.g3 b4 9.Nd1 exd4
10.Nxd4 d5 11.e5 Nfd7 12.f4 c5 13.Nf5 Nb6 14.Nxe7+ Qxe7 15.c3 Nc6 16.Bg2 Ba6
17.Qf2 Nd7 18.Bxd5 Ncxe5 19.fxe5 Nxe5 20.Qf5 Rad8 21.Be4 g6 22.Qg5 f6 23.Qh4 Qe6
24.b3 f5 25.Bg2 Nd3+ 26.Kf1 Nf4+ 27.c4 Nxg2 28.Kxg2 Bb7+ 29.Kh3 f4+ 30.Qg4 Bg2+
31.Kh4 Qf6+ 32.Qg5 Qxa1 33.Bxf4 Bxh1 34.Ne3 Qf6  0-1

[Event "Forli op"]
[Site "Forli"]
[Date "1990.??.??"]
[Round "2"]
[White "Polaczek, Richard"]
[Black "Pozzi, Enrico"]
[Result "1-0"]
[WhiteElo "2420"]
[BlackElo "2255"]

1.e4 d6 2.d4 Nf6 3.Nc3 c6 4.Nf3 Bg4 5.h3 Bxf3 6.Qxf3 Qa5 7.Bd2 Qc7 8.O-O-O e6
9.g4 Be7 10.h4 d5 11.g5 Nxe4 12.Nxe4 dxe4 13.Qxe4 Nd7 14.Rh3 Qd6 15.Rb3 Nb6
16.c4 Qd7 17.Bf4 O-O-O 18.Qe5  1-0

[Event "Forli op"]
[Site "Forli"]
[Date "1990.??.??"]
[Round "8"]
[White "Werner, Dimo"]
[Black "Malaniuk, Vladimir P"]
[Result "1/2-1/2"]
[WhiteElo "2350"]
[BlackElo "2505"]

1.e4 d6 2.d4 Nf6 3.Nc3 c6 4.a4 Qa5 5.Bd2 Qc7 6.h3 e5 7.Nf3 Be7 8.Bc4 O-O
9.O-O a5 10.Re1 Na6 11.dxe5 dxe5 12.Nh4 Rd8 13.Qe2 h6 14.Be3 Ng4 15.hxg4 Bxh4
16.g3 Bg5 17.Bxg5 hxg5 18.Nd1 Nc5 19.c3 g6 20.Kg2 Kg7 21.Rh1 Qe7 22.Qf3 Be6
23.Bxe6 Qxe6 24.Ne3 Rh8 25.b4 Rxh1 26.Rxh1 axb4 27.cxb4 Nxa4 28.b5 Nc5 29.bxc6 bxc6
30.Rc1 Ra5 31.Nc4 Rb5 32.Nd2 Qd6 33.Qe3 Ne6 34.Nf3 f6 35.Qa7+ Kg8 36.Qa8+ Nd8
37.Rc2 Rb8 38.Qa2+ Kf8 39.Rd2 Qe7 40.Rd3 Ne6 41.Ra3 Rd8 42.Ra7 Rd7 43.Ra8+ Kg7
44.Nd2 Qf7 45.Qa5 Nf8 46.Qb4 Rd4 47.Qc3 Qe6 48.Nb3 Qc4 49.Ra7+ Kg8 50.Qxc4+ Rxc4
51.Na5 Rxe4 52.Nxc6 Rxg4 53.Ne7+ Kh8 54.Nd5 f5 55.Rf7 Kg8 56.Re7 Rd4 57.Nf6+ Kh8
58.Rxe5 Rd6 59.Ne8 Re6 60.Rxe6 Nxe6 61.g4 Kh7 62.Kg3 Nd4 63.Kh3 Kg8 64.gxf5 gxf5
65.Nd6 Kg7 66.Nxf5+ Nxf5 67.f4 gxf4 68.Kg4  1/2-1/2

[Event "Troll Masters"]
[Site "Gausdal"]
[Date "1990.??.??"]
[Round "1"]
[White "Elseth, Roar"]
[Black "Hodgson, Julian M"]
[Result "0-1"]
[WhiteElo "2335"]
[BlackElo "2540"]

1.e4 d6 2.d4 Nf6 3.Nc3 c6 4.Bg5 Nbd7 5.f3 e5 6.Nge2 b5 7.Qd2 Be7 8.Ng3 g6
9.a4 b4 10.Nd1 exd4 11.Qxd4 O-O 12.Ne3 Re8 13.Be2 Qa5 14.h4 d5 15.exd5 cxd5
16.Bf4 b3+ 17.c3 Ba6 18.Bxa6 Qxa6 19.Kf2 Nc5 20.Rhd1 Ne6 21.Qe5 Nd7 22.Qxd5 Nxf4
23.Qxd7 Bxh4 24.Qb5 Qe6 25.Re1 Qd6 26.Kg1 a6  0-1

[Event "Arnold Cup"]
[Site "Gausdal"]
[Date "1990.??.??"]
[Round "8"]
[White "Backelin, Rikard"]
[Black "Jansa, Vlastimil"]
[Result "0-1"]
[WhiteElo "2230"]
[BlackElo "2475"]

1.e4 d6 2.d4 Nf6 3.Nc3 c6 4.f4 Qa5 5.Bd3 e5 6.Nf3 Bg4 7.dxe5 dxe5 8.fxe5 Nfd7
9.Bf4 Be7 10.O-O O-O 11.Kh1 Nxe5 12.Bxe5 Bxf3 13.Rxf3 Qxe5 14.Rf5 Qc7 15.Qe2 Nd7
16.Nd1 Bf6 17.Rh5 g6 18.Rh3 Bg7 19.c3 Rad8 20.Ne3 Nc5 21.Bc2 Rfe8 22.Nf1 Re7
23.Qc4 Qe5 24.Re1 Red7 25.a4 a5 26.Rf3 Qe7 27.Qe2 Be5 28.Qe3 Bg7 29.Qe2 Rd6
30.b4 axb4 31.cxb4 Nd7 32.Rd3 Rxd3 33.Qxd3 Ne5 34.Qb3 Qf6 35.Ne3 Rd2 36.Rd1 Re2
37.h3 Qf2 38.Rd8+ Bf8 39.Qc3 Re1+  0-1

[Event "Gausdal Int"]
[Site "Gausdal"]
[Date "1990.??.??"]
[Round "8"]
[White "Tisdall, Jonathan D"]
[Black "Jansa, Vlastimil"]
[Result "1/2-1/2"]
[WhiteElo "2425"]
[BlackElo "2455"]

1.d4 d6 2.e4 Nf6 3.Nc3 c6 4.f4 Qa5 5.e5 Ne4 6.Qf3 Nxc3 7.Bd2 Bf5 8.Bxc3 Qd5
9.Qf2 e6 10.Nf3 Qe4+ 11.Be2 Qxc2 12.O-O d5 13.Nd2 h5 14.Bd1 Qd3 15.Be2 Qc2
16.Bd1  1/2-1/2

[Event "Geneve-B"]
[Site "Geneve"]
[Date "1990.??.??"]
[Round "2"]
[White "Payen, Arnaud"]
[Black "Giertz, Niklaus"]
[Result "1-0"]
[WhiteElo "2270"]
[BlackElo "2305"]

1.e4 d6 2.d4 Nf6 3.Nc3 e5 4.Nge2 Be7 5.h3 O-O 6.g3 exd4 7.Nxd4 d5 8.e5 Ne4
9.Nxe4 dxe4 10.Bc4 Bc5 11.c3 Qe7 12.Bf4 Rd8 13.Qh5 Bxd4 14.Bg5 Qe8 15.Bxd8 g6
16.Qg5 Bxe5 17.O-O-O Bd6 18.Bf6 Nd7 19.Bd4 Nb6 20.Qf6  1-0

[Event "Geneve-B"]
[Site "Geneve"]
[Date "1990.??.??"]
[Round "8"]
[White "Arakhamia, Ketevan"]
[Black "Giertz, Niklaus"]
[Result "1-0"]
[WhiteElo "2385"]
[BlackElo "2305"]

1.e4 d6 2.d4 Nf6 3.Nc3 e5 4.Nf3 Nbd7 5.Bc4 Be7 6.O-O O-O 7.a4 a5 8.Re1 c6
9.h3 exd4 10.Qxd4 Nc5 11.b3 Ncxe4 12.Rxe4 Nxe4 13.Nxe4 d5 14.Bb2 f6 15.Rd1 Qe8
16.Re1 Qf7 17.Bd3 Bf5 18.Neg5 fxg5 19.Bxf5 c5 20.Qd3 Qxf5 21.Rxe7 d4 22.Qc4+ Kh8
23.Re5 Qf6 24.Rxc5  1-0

[Event "Bundesliga 8990"]
[Site "Germany"]
[Date "1990.??.??"]
[Round "?"]
[White "Meier, Volker"]
[Black "Buecker, Stefan"]
[Result "1/2-1/2"]
[WhiteElo "2240"]
[BlackElo "2325"]

1.e4 d6 2.d4 Nf6 3.Nc3 Nbd7 4.Nf3 e5 5.Bc4 Be7 6.dxe5 Nxe5 7.Nxe5 dxe5 8.Qxd8+ Bxd8
9.f3 Nd7 10.Bd2 Nc5 11.O-O-O Be6 12.Bxe6 Nxe6 13.Be3 h6 14.Kb1 Bg5 15.Bf2 Be7
16.Bg3 f6 17.Nd5 c6 18.Nxe7 Kxe7 19.Bf2 b6 20.a4 Rhd8 21.c3 Nf4 22.Kc2 Rxd1
23.Rxd1 Rd8 24.Rxd8 Kxd8 25.g4 Nh3 26.Be3 Ng5 27.Bxg5 hxg5 28.Kb3 a5 29.Kc4 Kc7
30.b3 Kd7  1/2-1/2

[Event "BL2-S8990"]
[Site "Germany"]
[Date "1990.??.??"]
[Round "?"]
[White "Kerpf, Bernhard"]
[Black "Huemmer, Bernd"]
[Result "0-1"]
[WhiteElo "2240"]
[BlackElo "2265"]

1.d4 d6 2.e4 Nf6 3.Nc3 c6 4.Nf3 Bg4 5.Be2 e6 6.O-O d5 7.Bg5 Be7 8.exd5 cxd5
9.Ne5 Bxe2 10.Qxe2 O-O 11.Nd1 Nc6 12.c3 Nxe5 13.dxe5 Nd7 14.Bxe7 Qxe7 15.f4 f5
16.Ne3 Kh8 17.Nc2 Nc5 18.Nd4 Ne4 19.g4 g5 20.gxf5 exf5 21.Qh5 gxf4 22.Rxf4 Qxe5
23.Raf1 Nd2 24.Nxf5 Rg8+ 25.Kh1 Nxf1 26.Rxf1 Raf8  0-1

[Event "Bundesliga 8990"]
[Site "Germany"]
[Date "1990.??.??"]
[Round "?"]
[White "Kraut, Rainer"]
[Black "Borik, Otto"]
[Result "1-0"]
[WhiteElo "2380"]
[BlackElo "2355"]

1.e4 d6 2.d4 Nf6 3.Nc3 c6 4.a4 e5 5.Nf3 Nbd7 6.Bc4 Be7 7.O-O O-O 8.Re1 Qc7
9.h3 a5 10.Ba2 b6 11.Be3 Bb7 12.dxe5 dxe5 13.Nh4 Bb4 14.Nf5 g6 15.Nh6+ Kg7
16.Qf3 Bxc3 17.bxc3 c5 18.Ng4 Ng8 19.Bd5 Bxd5 20.exd5 f5 21.Nh2 Ngf6 22.c4 Ne4
23.Bc1 Nd6 24.Qb3 Rae8 25.Bb2 Kg8 26.Nf3 Nf7 27.Re2 h6 28.Rd1 Qd6 29.Nd2 Kh7
30.Nb1 g5 31.Nc3 Qg6 32.Nb5 g4 33.Nc7 Rc8 34.Ne6 Rg8 35.h4 g3 36.fxg3 Qxg3
37.Qxg3 Rxg3 38.Rf1 Nd6 39.Bxe5 Nxe5 40.Rxe5 Nxc4 41.Rexf5 Ne3 42.Rf7+ Kh8
43.R1f6 Nxd5 44.Rxh6+ Kg8 45.Rfh7 Rg6 46.Rh8+ Kf7 47.Ng5+ Rxg5 48.Rxc8 Rg4
49.Rd8 Ne3 50.Rd7+ Kg8 51.Re6  1-0

[Event "Bundesliga 8990"]
[Site "Germany"]
[Date "1990.??.??"]
[Round "?"]
[White "Brueckner, Thomas"]
[Black "Breutigam, Martin"]
[Result "1-0"]
[WhiteElo "2410"]
[BlackElo "2320"]

1.e4 d6 2.d4 Nf6 3.Nc3 c6 4.f4 Qa5 5.Bd2 e5 6.Nf3 Bg4 7.dxe5 dxe5 8.Nd5 Qd8
9.Nxf6+ Qxf6 10.f5 Nd7 11.h3 Bxf3 12.Qxf3 Qd8 13.O-O-O b5 14.h4 Be7 15.Qg3 Bf6
16.Bb4 Qb6 17.Bd6 O-O-O 18.Qc3 Rhe8 19.Be2 Be7 20.a4 a6 21.a5 Qb7 22.Bxe7 Rxe7
23.Rd6 Nb8 24.Rxd8+ Kxd8 25.Rd1+ Ke8 26.Qg3 g6 27.f6 Re6 28.Bg4 Nd7 29.Bxe6 fxe6
30.h5 Kf7 31.hxg6+ hxg6 32.Qh4 Qa7 33.Qh7+  1-0